00876nam a2200205 a 450000100100000000500170001000800410002702000150006804000250008304100130010808200160012110000350013724501820017224600870035426000400044130000280048150000630050950000570057250400410062900001664820250210102025.0100308s2003 dr 000 0 spa d a9993403474 aDO-SdBNPbspacBNPHU17aspa2eng axxxxbL864h1 aLópez Familia, José Rafael10aHow to get a better ESL pronunciation for Spanish speakers = Como conseguir una mejor pronunciación inglesa como segundo idioma para hispanos /cJosé Rafael López Familia.12aComo conseguir una mejor pronunciación inglesa como segundo idioma para hispanos aSanto Domingo :bDe Colores,c2003. a141 p. :bil. ;c21 cm. aIncluye datos biográficos del autor en la contracubierta aReglas más fáciles de la pronunciación inglesa aIncluye bibliografías (p. 140-141)